14 rád ako koncipovať podnikateľský model

V dôsledku krízy a hyperkonkurencie podniky musia pretvárať svoje doterajšie podnikateľské modely, ktoré musia byť koncepčnejšie, flexibilnejšie, inovatívnejšie. Čo je potrebné pri koncipovaní podnikateľských modelov.

Saved in:
Bibliographic Details
Main Author: Záležáková, Eliška
Format: Book Chapter
Language:Slovak
Subjects:
Tags: Add Tag
No Tags, Be the first to tag this record!

MARC

LEADER 00000nla a2200000 4500
001 0162291
005 20240502072818.3
041 0 |a slo 
044 |a SK 
245 1 0 |a 14 rád ako koncipovať podnikateľský model  |c Eliška Záležáková 
520 |a V dôsledku krízy a hyperkonkurencie podniky musia pretvárať svoje doterajšie podnikateľské modely, ktoré musia byť koncepčnejšie, flexibilnejšie, inovatívnejšie. Čo je potrebné pri koncipovaní podnikateľských modelov. 
610 2 0 |a podnik 
610 2 0 |a modely podniku 
610 2 0 |a podnikanie 
100 1 |a Záležáková, Eliška